000 00513nam a2200169Ia 4500
999 _c21629
_d21629
003 OSt
005 20200707104029.0
008 190216s9999||||xx |||||||||||||| ||und||
020 _a9781851097036
040 _coclc
082 _a973.31
_bFRA/A
100 _aFrank, Andrew K
_93588
245 0 _aAmerican Revolution People And Perspectives /
_cAndrew K Frank ; Peter C Mancall
260 _bAbc Clio,
_c2008.
_aEngland:
300 _a323p
942 _cBK
_2ddc
_h973.31
_iFRA/A
_k973.31
_mFRA/A